000 00591nmm a2200205Ia 4500
008 251105s9999||||xx |||||||||||||||||und||
020 _a9788490731796
041 _aspa
100 _aDestro, Adriana
245 0 _aLa muerte de Jesús :
_b Investigación de un misterio
264 _a[Madrid, España] :
_bEditorial Verbo Divino,
_c2015
300 _a400 páginas
490 _aÁgora
650 _aReligion(s)
700 _aDestro, Adriana
700 1 _a Pesce, Mauro
700 1 _a Pérez Escobar, José
856 _uhttps://public.digitaliapublishing.com/a/38642
942 _cCF
999 _c64692
_d64692